[Event "24th ch-EUR Indiv 2024"]
[Site "Petrovac MNE"]
[Date "2024.11.10"]
[Round "3.36"]
[White "Kilic, Eray"]
[Black "Indjic, Aleksandar"]
[Result "0-1"]
[WhiteTitle "IM"]
[BlackTitle "GM"]
[WhiteElo "2442"]
[BlackElo "2623"]
[WhiteFideId "44517173"]
[BlackFideId "911925"]
[EventDate "2024.11.08"]

1. e4 c5 2. Nf3 d6 3. d4 cxd4 4. Nxd4 Nf6 5. Nc3 a6 6. Rg1 h5 7. h3 e5 8. Nb3
Be6 9. Qf3 h4 10. Be3 Nbd7 11. O-O-O Rc8 12. Kb1 Rxc3 13. bxc3 Qc7 14. c4 Bxc4
15. Bg5 Be6 16. g3 Qc6 17. Bxf6 Nxf6 18. Bg2 Be7 19. Qe3 a5 20. Rd3 a4 21. Rc3
Qb5 22. Bf1 Qb4 23. a3 Qxa3 24. Bb5+ Kf8 25. Qa7 g6 26. Qxa4 Qxa4 27. Bxa4 Nxe4
28. Re3 Nxf2 29. g4 Bg5 30. Rc3 Ne4 31. Rc7 Bd8 0-1

[Event "24th ch-EUR Indiv 2024"]
[Site "Petrovac MNE"]
[Date "2024.11.10"]
[Round "3.37"]
[White "Sedlak, Nikola"]
[Black "Donchenko, Alexander"]
[Result "1/2-1/2"]
[WhiteTitle "GM"]
[BlackTitle "GM"]
[WhiteElo "2444"]
[BlackElo "2617"]
[WhiteFideId "922900"]
[BlackFideId "24603295"]
[EventDate "2024.11.08"]

1. d4 Nf6 2. Nf3 d5 3. Bf4 c5 4. e3 Nc6 5. Be2 cxd4 6. exd4 Bf5 7. c3 e6 8. Nbd2
Bd6 9. Bxd6 Qxd6 10. O-O O-O 11. Re1 Rab8 12. a4 Qc7 13. Nb3 Ne4 14. Bd3 Bg6 15.
Bxe4 Bxe4 16. Nc5 Bg6 17. Nh4 Na5 18. Nxg6 hxg6 19. h4 Nc4 20. Nd3 b5 21. a5 Qe7
22. g3 Qf6 23. Qe2 Qf5 24. Kg2 Rfe8 25. f3 Qf6 26. b3 Nd6 27. Qd2 Rbc8 28. Re5
Rc7 29. Rae1 Rec8 30. Nc5 Rxc5 31. dxc5 Rxc5 32. R5e3 Rc6 33. Rd3 Qd8 34. b4 Qc7
35. Re2 Rc4 36. g4 Ne8 37. Qe3 Nf6 38. Qe5 Qc8 39. Kg1 Nd7 40. Qe3 Qc7 41. Kg2
a6 42. Re1 Qc6 43. Re2 Qc7 44. Re1 Qd8 45. Rh1 Qb8 46. h5 gxh5 47. gxh5 Qe5 48.
h6 Qxe3 49. Rxe3 g6 50. h7+ Kh8 51. Rd3 Nf6 52. Rd4 Rc7 53. Kf2 Nh5 54. f4 Rxc3
55. f5 Kxh7 56. fxe6 fxe6 57. Rdd1 Rc4 58. Rc1 Rf4+ 59. Ke3 Rxb4 60. Rc6 e5 61.
Rxa6 Ra4 62. Rd6 Ra3+ 63. Kd2 Ra2+ 64. Ke3 Ra3+ 65. Kd2 Ra2+ 66. Ke3 Ra3+ 1/2-1/2

[Event "24th ch-EUR Indiv 2024"]
[Site "Petrovac MNE"]
[Date "2024.11.10"]
[Round "3.38"]
[White "Garcia Ramos, Daniel"]
[Black "Bartel, Mateusz"]
[Result "1/2-1/2"]
[WhiteTitle "IM"]
[BlackTitle "GM"]
[WhiteElo "2437"]
[BlackElo "2613"]
[WhiteFideId "32010311"]
[BlackFideId "1112635"]
[EventDate "2024.11.08"]

1. e4 e5 2. Nf3 Nc6 3. Bc4 d6 4. d4 Nf6 5. dxe5 dxe5 6. Qxd8+ Nxd8 7. O-O Bd6 8.
Nbd2 Nd7 9. a4 a5 10. b3 f6 11. Nh4 g6 12. g3 Nb6 13. Ng2 Ne6 14. Ne3 Bc5 15.
Nd5 Nd7 16. Ba3 Bxa3 17. Rxa3 c6 18. Ne3 Ndc5 19. Raa1 Ng5 20. f3 Bh3 21. Rfd1
h5 22. Bf1 Bxf1 23. Kxf1 h4 24. Kg2 Ke7 25. Ndc4 Nce6 26. Rd3 Nd4 27. Rad1 Rad8
28. Nxa5 hxg3 29. hxg3 Ngxf3 30. Nf1 Ne1+ 31. Rxe1 Nxc2 32. Rde3 Rd7 33. R1e2
Nxe3+ 34. Nxe3 Ra8 35. Nac4 Rd4 36. Kf3 Rd3 37. Rb2 Ke6 38. a5 f5 39. exf5+ gxf5
40. b4 Rf8 41. Ke2 Rd4 42. Nd2 f4 43. gxf4 exf4 44. Nf3 Rd7 45. Nc4 Rf5 46. Kf2
Rb5 1/2-1/2

[Event "24th ch-EUR Indiv 2024"]
[Site "Petrovac MNE"]
[Date "2024.11.10"]
[Round "3.39"]
[White "Saraci, Nderim"]
[Black "Petrosyan, Manuel"]
[Result "1/2-1/2"]
[WhiteTitle "IM"]
[BlackTitle "GM"]
[WhiteElo "2439"]
[BlackElo "2612"]
[WhiteFideId "6351921"]
[BlackFideId "13300857"]
[EventDate "2024.11.08"]

1. d4 Nf6 2. c4 g6 3. Nc3 Bg7 4. e4 d6 5. Nf3 O-O 6. Be2 Na6 7. O-O e5 8. Be3
Qe7 9. dxe5 dxe5 10. Nd5 Qd8 11. Nxf6+ Bxf6 12. a3 Qe7 13. Qc2 b6 14. c5 Nxc5
15. Bxc5 Qxc5 16. Qxc5 bxc5 17. Rfc1 Rb8 18. Rxc5 Rxb2 19. Bc4 Kg7 20. Bd5 Bg4
21. h3 Bxf3 22. gxf3 Bh4 23. Rf1 Rc8 24. Kg2 h5 25. a4 Rd2 26. a5 c6 27. Rxc6
Rxc6 28. Bxc6 Ra2 29. Bd5 Rxa5 30. Rb1 Rc5 31. f4 Rc2 32. fxe5 Bxf2 33. Rb7 Bb6+
34. Kh1 Rc7 35. Rxc7 Bxc7 36. e6 fxe6 37. Bxe6 Kf6 38. Bd7 Ke7 39. Bb5 g5 40.
Be2 h4 41. Ba6 Kd6 42. Kg2 Kc5 43. Kf3 Kb6 44. Bc8 a5 45. Ke2 a4 46. Kd3 Kc5 47.
Kc2 Be5 48. Kb1 Kb4 49. Ka2 a3 50. Bd7 Bf4 51. Bc8 Be5 52. Bd7 Bf4 53. Bc8 Be5 1/2-1/2

[Event "24th ch-EUR Indiv 2024"]
[Site "Petrovac MNE"]
[Date "2024.11.10"]
[Round "3.40"]
[White "Lagarde, Maxime"]
[Black "Wadsworth, Matthew J"]
[Result "1/2-1/2"]
[WhiteTitle "GM"]
[BlackTitle "IM"]
[WhiteElo "2606"]
[BlackElo "2461"]
[WhiteFideId "662399"]
[BlackFideId "415804"]
[EventDate "2024.11.08"]

1. c4 c6 2. Nf3 d5 3. e3 Nf6 4. Nc3 a6 5. d4 Bf5 6. Ne5 Nbd7 7. Qb3 Qc7 8. cxd5
Nxe5 9. dxe5 Nxd5 10. Bc4 e6 11. e4 Nxc3 12. exf5 Qxe5+ 13. Be3 Nd5 14. Bxd5
Qxd5 15. Qxb7 Qa5+ 16. Bd2 Qe5+ 17. Kd1 Rd8 18. Qxc6+ Rd7 19. fxe6 fxe6 20. Rc1
Bb4 21. Rc2 Ke7 22. Re1 Qf5 23. Qe4 Bxd2 24. Rxd2 Rxd2+ 25. Kxd2 Qxf2+ 26. Kc1
Rc8+ 27. Kb1 Rc6 28. a3 Rb6 29. Re2 Qg1+ 30. Ka2 Qd1 31. Qc4 Rd6 32. Re5 Qd2 33.
Rc5 Qd4 34. Rc7+ Kf6 35. Qf1+ Kg6 36. Qb1+ Kh6 37. Qc1+ Kg6 38. Qc2+ Kh6 39. Qb3
Rb6 40. Qh3+ Kg6 41. Qg3+ Kh6 42. Rc3 Qd5+ 43. Kb1 Qd1+ 44. Rc1 Qd4 45. Qc3 Qxc3
46. Rxc3 Kg5 47. Kc2 e5 48. b4 Kf4 49. Kd3 e4+ 50. Ke2 Rh6 51. Rh3 Rxh3 52. gxh3
Ke5 53. Ke3 Kd5 54. a4 Kc4 55. b5 axb5 56. axb5 Kxb5 57. Kxe4 Kc6 58. Ke5 Kd7
59. h4 Ke7 1/2-1/2

[Event "24th ch-EUR Indiv 2024"]
[Site "Petrovac MNE"]
[Date "2024.11.10"]
[Round "3.41"]
[White "Fressinet, Laurent"]
[Black "Levin, Guy"]
[Result "1/2-1/2"]
[WhiteTitle "GM"]
[BlackTitle "IM"]
[WhiteElo "2605"]
[BlackElo "2445"]
[WhiteFideId "608742"]
[BlackFideId "2824213"]
[EventDate "2024.11.08"]

1. Nf3 d5 2. g3 b6 3. Bg2 Bb7 4. b3 e6 5. Bb2 Nf6 6. c4 dxc4 7. bxc4 c5 8. O-O
Be7 9. e3 O-O 10. Nc3 Nc6 11. Qe2 Rc8 12. Rfd1 Qc7 13. Rac1 Qb8 14. d3 Rfd8 15.
Ne1 Rd7 16. f4 Rcd8 17. g4 Nb4 18. g5 Ne8 19. Bxb7 Qxb7 20. a3 Nc6 21. Nf3 Nd6
22. Rb1 f6 23. h4 Qc8 24. Kf2 Rf8 25. Rg1 Qe8 26. Ne4 Nxe4+ 27. dxe4 Qf7 28. Rg3
fxg5 29. hxg5 Qg6 30. Qc2 Bd8 31. Rh1 Bc7 32. Rgh3 Bxf4 33. Rxh7 Bc7 34. Rh8+
Kf7 35. Rxf8+ Kxf8 36. Rh8+ Kf7 37. Bc3 e5 38. Qb1 Rd8 39. Rxd8 Bxd8 40. Qd3
Bxg5 41. Nxg5+ Qxg5 42. Qd5+ Ke7 43. Qxc6 Qh4+ 44. Ke2 Qg4+ 45. Kd2 Qg2+ 46. Kd3
Qf1+ 47. Kc2 Qe2+ 48. Bd2 Qxc4+ 49. Kb2 Qd3 50. Qd5 Qxd5 51. exd5 e4 52. Kb3 b5
53. Bc3 Kd6 54. Bxg7 Kxd5 55. a4 a6 56. axb5 axb5 57. Kc3 Kc6 58. Bf8 Kd5 59.
Be7 Kc6 60. Bf8 1/2-1/2

[Event "24th ch-EUR Indiv 2024"]
[Site "Petrovac MNE"]
[Date "2024.11.10"]
[Round "3.42"]
[White "Pasztor, Balazs"]
[Black "Vocaturo, Daniele"]
[Result "1-0"]
[WhiteTitle "FM"]
[BlackTitle "GM"]
[WhiteElo "2419"]
[BlackElo "2597"]
[WhiteFideId "774723"]
[BlackFideId "813192"]
[EventDate "2024.11.08"]

1. e4 c5 2. Nf3 d6 3. d4 cxd4 4. Nxd4 Nf6 5. Nc3 a6 6. Rg1 Nc6 7. g4 h6 8. h4 g6
9. g5 hxg5 10. hxg5 Nd7 11. Be3 Bg7 12. Be2 Rh2 13. Nf3 Rh8 14. Qd2 b5 15. O-O-O
Bb7 16. Nd4 Rc8 17. Nxc6 Bxc6 18. Bd4 Bxd4 19. Qxd4 Rf8 20. Bg4 e6 21. f4 Nb6
22. b3 Qc7 23. Kb2 Bd7 24. Rg3 Qc5 25. Qxd6 b4 26. Qxc5 Rxc5 27. Ne2 Ke7 28. c4
Bc6 29. Bf3 a5 30. Nc1 Bb7 31. Nd3 Rc7 32. f5 Rd7 33. f6+ Ke8 34. Rh3 Rd4 35.
Nc5 Rxd1 36. Bxd1 Bc6 37. Rd3 Nd7 38. Rd6 Nxc5 39. Rxc6 Nd3+ 40. Kc2 Kd7 41. Ra6
Ne5 42. Be2 Rh8 43. c5 Kc7 44. Kd2 Nc6 45. Bb5 Nd4 46. Ra7+ Kb8 47. Rxf7 Nxb5
48. Rg7 Rf8 49. Rxg6 Nd4 50. Rg7 Nf3+ 51. Ke3 Nxg5 52. Rxg5 Rxf6 53. Rg7 e5 54.
Kd3 Rf2 55. Kc4 Rxa2 56. Kb5 a4 57. Kb6 1-0

[Event "24th ch-EUR Indiv 2024"]
[Site "Petrovac MNE"]
[Date "2024.11.10"]
[Round "3.43"]
[White "Safarli, Eltaj"]
[Black "Sanikidze, Tornike"]
[Result "1-0"]
[WhiteTitle "GM"]
[BlackTitle "GM"]
[WhiteElo "2596"]
[BlackElo "2437"]
[WhiteFideId "13402129"]
[BlackFideId "13602608"]
[EventDate "2024.11.08"]

1. e4 e5 2. Bc4 Nf6 3. d3 c6 4. Nf3 d5 5. Bb3 a5 6. a4 Bb4+ 7. c3 Bd6 8. exd5
cxd5 9. Bg5 Be6 10. Na3 Nc6 11. Nb5 Bb8 12. O-O O-O 13. d4 e4 14. Nh4 h6 15.
Bxf6 Qxf6 16. g3 Na7 17. Nxa7 Bxa7 18. f3 exf3 19. Rxf3 Qg5 20. Qd3 g6 21. Re1
Bd7 22. Rfe3 Bb8 23. Nf3 Qh5 24. Ne5 Bc6 25. Rf1 f5 26. h4 f4 27. g4 Qxh4 28.
Qxg6+ Kh8 29. Bc2 Qe7 30. Rh3 1-0

[Event "24th ch-EUR Indiv 2024"]
[Site "Petrovac MNE"]
[Date "2024.11.10"]
[Round "3.44"]
[White "Zhou, Yang-Fan"]
[Black "Tomczak, Jacek"]
[Result "1/2-1/2"]
[WhiteTitle "IM"]
[BlackTitle "GM"]
[WhiteElo "2418"]
[BlackElo "2593"]
[WhiteFideId "468584"]
[BlackFideId "1124668"]
[EventDate "2024.11.08"]

1. e4 c5 2. Nf3 d6 3. d4 cxd4 4. Nxd4 Nf6 5. Nc3 a6 6. h3 e5 7. Nf3 Be7 8. g4 h6
9. Rg1 Nbd7 10. g5 hxg5 11. Nxg5 Qc7 12. Be3 b5 13. Qd2 Bb7 14. O-O-O Nb6 15.
Kb1 Rc8 16. f4 Nc4 17. Bxc4 Qxc4 18. fxe5 dxe5 19. Qg2 Rd8 20. Qg3 Rxd1+ 21.
Rxd1 b4 22. Nd5 Bxd5 23. exd5 Bd6 24. Bc1 O-O 25. Rg1 Rc8 26. Rg2 Bf8 27. Rf2 1/2-1/2

[Event "24th ch-EUR Indiv 2024"]
[Site "Petrovac MNE"]
[Date "2024.11.10"]
[Round "3.46"]
[White "Fridman, Daniel"]
[Black "Petrovskyi, Vadym"]
[Result "1/2-1/2"]
[WhiteTitle "GM"]
[BlackTitle "IM"]
[WhiteElo "2581"]
[BlackElo "2433"]
[WhiteFideId "11600454"]
[BlackFideId "14165210"]
[EventDate "2024.11.08"]

1. Nf3 Nf6 2. c4 e6 3. g3 d5 4. Bg2 Be7 5. d4 O-O 6. O-O dxc4 7. Qa4 a6 8. Qxc4
b5 9. Qc2 Bb7 10. Bg5 Nbd7 11. Bxf6 Nxf6 12. Nbd2 Rc8 13. Nb3 c5 14. dxc5 Be4
15. Qc3 Bd5 1/2-1/2

[Event "24th ch-EUR Indiv 2024"]
[Site "Petrovac MNE"]
[Date "2024.11.10"]
[Round "3.47"]
[White "Gazik, Viktor"]
[Black "Celik, Hasan Huseyin"]
[Result "1-0"]
[WhiteTitle "GM"]
[BlackTitle "IM"]
[WhiteElo "2579"]
[BlackElo "2431"]
[WhiteFideId "14928752"]
[BlackFideId "44506759"]
[EventDate "2024.11.08"]

1. e4 c5 2. Nf3 e6 3. Nc3 a6 4. d4 cxd4 5. Qxd4 Nc6 6. Qe3 Be7 7. Bd2 d5 8. Qf4
Nf6 9. Bd3 h6 10. e5 g5 11. Qg3 Nd7 12. O-O-O Nc5 13. Kb1 Bd7 14. h4 Nxd3 15.
cxd3 Rg8 16. hxg5 hxg5 17. Rh7 Qb6 18. Bxg5 O-O-O 19. Rxf7 Be8 20. Rxe7 Nxe7 21.
Qh3 Nf5 22. Bxd8 Kxd8 23. g4 Ne7 24. Qh4 Kd7 25. Ka1 Bg6 26. d4 Qa5 27. Nd2 Qb4
28. a3 Qb6 29. f4 Rc8 30. f5 Rxc3 31. bxc3 Qa5 32. Kb2 Qb5+ 33. Nb3 exf5 34. Qf6
fxg4 35. a4 1-0

[Event "24th ch-EUR Indiv 2024"]
[Site "Petrovac MNE"]
[Date "2024.11.10"]
[Round "3.48"]
[White "Yankelevich, Lev"]
[Black "Kourkoulos-Arditis, Stamatis"]
[Result "1/2-1/2"]
[WhiteTitle "GM"]
[BlackTitle "GM"]
[WhiteElo "2417"]
[BlackElo "2575"]
[WhiteFideId "24684074"]
[BlackFideId "4221990"]
[EventDate "2024.11.08"]

1. d4 Nf6 2. c4 g6 3. Nc3 Bg7 4. e4 d6 5. Be2 O-O 6. Be3 Na6 7. Nf3 e5 8. O-O
Qe7 9. dxe5 dxe5 10. Nd5 Qd8 11. Qc2 Ng4 12. Rfd1 Nxe3 13. Nxe3 Qe7 14. Nd5 Qe8
15. c5 c6 16. Ne3 Nc7 17. Nc4 Qe7 18. Nd6 a5 19. b3 Bg4 20. Nxb7 Ne6 21. Nd6
Bxf3 22. Bxf3 Nd4 23. Qd3 Rfb8 24. Rdc1 Bf8 25. Bd1 Qf6 26. Nc4 Bxc5 27. Qg3 Ne6
28. Ne3 Bd4 29. Rab1 Nf4 30. Qf3 Qd6 31. Be2 Nxe2+ 32. Qxe2 a4 33. Qc4 axb3 34.
Rxb3 Rxb3 35. axb3 Rb8 36. h3 Rb6 37. Rd1 Rb4 38. Qc2 Qe6 39. Rd3 Rb6 40. Nc4
Ra6 41. Rf3 Qe7 42. Ne3 h5 43. Qc4 Rb6 44. Nc2 c5 45. Ne3 Bxe3 46. Rxe3 Rb4 47.
Qc2 Qa7 48. Kh2 Kg7 49. Rc3 Qb7 50. f3 Qb8 1/2-1/2

[Event "24th ch-EUR Indiv 2024"]
[Site "Petrovac MNE"]
[Date "2024.11.10"]
[Round "3.49"]
[White "Muradli, Mahammad"]
[Black "Licznerski, Lukasz"]
[Result "1-0"]
[WhiteTitle "GM"]
[BlackTitle "IM"]
[WhiteElo "2575"]
[BlackElo "2422"]
[WhiteFideId "13409301"]
[BlackFideId "1179250"]
[EventDate "2024.11.08"]

1. d4 Nf6 2. c4 e6 3. Nf3 b6 4. g3 Ba6 5. Qc2 Bb7 6. Bg2 c5 7. d5 exd5 8. cxd5
Nxd5 9. O-O Be7 10. Rd1 Nc6 11. a3 Nc7 12. Nc3 O-O 13. Bf4 Rc8 14. Rd2 Ne6 15.
Rad1 Nxf4 16. gxf4 Nd4 17. Nxd4 Bxg2 18. Ndb5 Bh3 19. Nxa7 Ra8 20. Nc6 Qe8 21.
Nxe7+ Qxe7 22. Nd5 Qh4 23. Qc3 Rae8 24. Rd3 Be6 25. Rg3 f6 26. Nxb6 c4 27. Nxd7
Rf7 28. Nc5 Bg4 29. f3 1-0

[Event "24th ch-EUR Indiv 2024"]
[Site "Petrovac MNE"]
[Date "2024.11.10"]
[Round "3.50"]
[White "Agasarov, Benik"]
[Black "Moroni, Luca Jr"]
[Result "1/2-1/2"]
[WhiteTitle "FM"]
[BlackTitle "GM"]
[WhiteElo "2410"]
[BlackElo "2571"]
[WhiteFideId "13314823"]
[BlackFideId "865834"]
[EventDate "2024.11.08"]

1. d4 d5 2. Nf3 Nf6 3. c4 e6 4. Nc3 c6 5. Bg5 Nbd7 6. e3 Qa5 7. Nd2 Bb4 8. Qc2
O-O 9. Be2 e5 10. O-O exd4 11. Nb3 Qb6 12. exd4 dxc4 13. Bxc4 a5 14. a4 Qd8 15.
Rad1 Nb6 16. Be2 h6 17. Bh4 Re8 18. Nc5 Qd6 19. Bf3 Nbd5 20. Bg3 Qe7 21. Bh4
Nxc3 22. bxc3 Bxc5 23. Bxf6 Qxf6 24. dxc5 Qe5 25. Qb3 Qxc5 26. Rfe1 Rf8 27. Rb1
Rb8 28. Qb6 Qxc3 29. Rec1 Qa3 30. Qxa5 Be6 31. Qb4 Qxb4 32. Rxb4 Rfc8 33. h4 Kf8
34. a5 Ke7 35. Rcb1 Rc7 36. Rb6 Ra8 37. Rxb7 Rxb7 38. Rxb7+ Kd6 39. Rb6 Bd7 40.
a6 Ra7 41. Be2 Kc7 42. Rb3 Bc8 43. Ra3 Kb6 44. Rb3+ Kc7 45. Ra3 Kb6 46. Rb3+ 1/2-1/2

[Event "24th ch-EUR Indiv 2024"]
[Site "Petrovac MNE"]
[Date "2024.11.10"]
[Round "3.51"]
[White "Socko, Monika"]
[Black "Dragnev, Valentin"]
[Result "1/2-1/2"]
[WhiteTitle "GM"]
[BlackTitle "GM"]
[WhiteElo "2403"]
[BlackElo "2566"]
[WhiteFideId "1106619"]
[BlackFideId "1634852"]
[EventDate "2024.11.08"]

1. d4 d5 2. Nf3 e6 3. g3 b6 4. Bg2 Bb7 5. O-O Nf6 6. c4 dxc4 7. Qa4+ Nbd7 8.
Nbd2 a6 9. Qxc4 b5 10. Qd3 c5 11. a4 c4 12. Qc2 Rc8 13. axb5 axb5 14. Nh4 Qb6
15. Bxb7 Qxb7 16. e4 Be7 17. e5 Nd5 18. Ne4 h6 19. f4 g6 20. Nf3 b4 21. Qe2 c3
22. bxc3 Nxc3 23. Nxc3 bxc3 24. Ba3 Bxa3 25. Rxa3 O-O 26. Qc2 Qc6 27. Nh4 Kg7
28. Rf3 Qd5 29. Rfxc3 Qxd4+ 30. Kg2 Qd5+ 31. Nf3 Nb6 32. Qd3 Qb7 33. Rcb3 Rfd8
34. Qe3 Rc6 35. Kh3 Qc7 36. Qf2 Rc5 37. Ra7 Qxa7 38. Qxc5 Nc8 39. Qxa7 Nxa7 40.
Kg2 Nc6 41. Kf2 Ra8 42. Rb2 Ra3 43. Rd2 Nb4 44. Ke2 Rc3 45. Rd4 Rb3 46. Rd2 Ra3
47. Rd4 Nd5 48. Rd3 Ra5 49. Rd2 Nc3+ 50. Ke3 Nd5+ 51. Ke2 Rc5 52. Rd4 Kf8 53.
Rd2 Ra5 54. Rd3 Ke8 55. Rd2 Ne7 56. Nd4 g5 57. Rb2 Ra8 58. Nb5 Kf8 59. Nd6 gxf4
60. gxf4 Nd5 61. Rb7 Nxf4+ 62. Kf3 Ng6 63. Rxf7+ Kg8 64. Rf6 Nxe5+ 65. Kf4 Nd3+
66. Ke3 Ne5 1/2-1/2

[Event "24th ch-EUR Indiv 2024"]
[Site "Petrovac MNE"]
[Date "2024.11.10"]
[Round "3.52"]
[White "Kadric, Denis"]
[Black "Travadon, Loic"]
[Result "1-0"]
[WhiteTitle "GM"]
[BlackTitle "IM"]
[WhiteElo "2562"]
[BlackElo "2419"]
[WhiteFideId "14403803"]
[BlackFideId "26092131"]
[EventDate "2024.11.08"]

1. e4 c5 2. Nf3 Nc6 3. Bb5 Nd4 4. Nxd4 cxd4 5. O-O a6 6. Ba4 e6 7. c3 Bc5 8. b4
Ba7 9. Bb2 dxc3 10. dxc3 Qh4 11. c4 Nf6 12. g3 Qxe4 13. Nd2 Qg6 14. Bc2 Qh6 15.
c5 O-O 16. Ne4 Nxe4 17. Bxe4 Bb8 18. Qd3 Rd8 19. Rfd1 Bc7 20. a4 Rb8 21. b5 axb5
22. axb5 b6 23. Ra7 bxc5 24. Rxc7 d5 25. Rxc5 1-0

[Event "24th ch-EUR Indiv 2024"]
[Site "Petrovac MNE"]
[Date "2024.11.10"]
[Round "3.53"]
[White "Livaic, Leon"]
[Black "Dotzer, Lukas"]
[Result "1-0"]
[WhiteTitle "GM"]
[BlackTitle "FM"]
[WhiteElo "2557"]
[BlackElo "2418"]
[WhiteFideId "14531534"]
[BlackFideId "1666975"]
[EventDate "2024.11.08"]

1. Nf3 d5 2. c4 e6 3. d4 Nf6 4. Bg5 c6 5. e3 Nbd7 6. Nc3 Qa5 7. Nd2 Bb4 8. Qc2
dxc4 9. Bxf6 Nxf6 10. Nxc4 Qc7 11. Be2 c5 12. O-O Bd7 13. a3 cxd4 14. axb4 dxc3
15. Qxc3 O-O 16. Ne5 Rfc8 17. Qd4 Be8 18. Bf3 Qb6 19. Qxb6 axb6 20. Bxb7 Rxa1
21. Re1 Rb1 22. Rxb1 Rc4 23. Ra1 Rc2 24. g4 g5 25. b3 Rb2 26. Ra6 b5 27. Ra3 Kg7
28. Bf3 Kf8 29. Kf1 Rb1+ 30. Kg2 Rb2 31. h3 Rd2 32. Ra8 Nd5 33. Bxd5 Rxd5 34.
Nf3 h6 35. Nd4 Ke7 36. Ra7+ Kf6 37. Kf3 Bd7 38. Ke2 e5 39. Ra6+ Kg7 40. Nf3 f5
41. Ra7 Kf6 42. Ra6+ Kg7 43. Ra7 Kf6 44. Nh2 f4 45. Ra6+ Be6 46. Nf3 Ke7 47. Rb6
Kf6 48. Nd2 Ke7 49. Ne4 Rd8 50. Nc5 Bd5 51. e4 Bf7 52. Rb7+ Ke8 53. Rxb5 Ra8 54.
Ra5 Rb8 55. Na6 Rb6 56. Rxe5+ Kd8 57. Nc5 Rxb4 58. Kd3 Rb8 59. Kc3 Ra8 60. Na4
Rb8 61. b4 Ra8 62. Ra5 Rc8+ 63. Nc5 h5 64. Kd4 hxg4 65. hxg4 Ke8 66. Ke5 Rd8 67.
Kf6 f3 68. e5 Bc4 69. Ra7 Rd4 70. Ra8+ Rd8 71. Rxd8+ Kxd8 72. Kxg5 1-0

[Event "24th ch-EUR Indiv 2024"]
[Site "Petrovac MNE"]
[Date "2024.11.10"]
[Round "3.54"]
[White "Socko, Bartosz"]
[Black "Talibov, Shiroghlan"]
[Result "1/2-1/2"]
[WhiteTitle "GM"]
[BlackTitle "FM"]
[WhiteElo "2554"]
[BlackElo "2415"]
[WhiteFideId "1107038"]
[BlackFideId "13429078"]
[EventDate "2024.11.08"]

1. e4 c5 2. Nf3 d6 3. Nc3 a6 4. d4 cxd4 5. Qxd4 Nc6 6. Qd3 Nf6 7. Nd5 Nd7 8. c4
e6 9. Nc3 Be7 10. Be3 O-O 11. Be2 b6 12. O-O Bb7 13. Rac1 Rc8 14. b3 Nce5 15.
Nxe5 Nxe5 16. Qd2 Qc7 17. f3 Qb8 18. Rfd1 Bc6 19. a4 Rfd8 20. Bf1 Nd7 21. b4 Ba8
22. Qf2 Rc7 23. Rb1 Rdc8 24. c5 dxc5 25. Bxa6 Rd8 26. bxc5 Nxc5 27. Bb5 Rcc8 28.
Ne2 Rxd1+ 29. Rxd1 Rd8 30. Rxd8+ Qxd8 31. Nd4 Bf6 32. Qd2 h6 33. Ne2 Qxd2 34.
Bxd2 Bg5 35. Bb4 Be3+ 36. Kf1 f5 37. exf5 exf5 38. Nc3 Bb7 39. Ke2 Bd4 40. Nd1
f4 41. Nf2 Bd5 42. Nd3 Ne6 43. Bd2 g5 44. Nb4 Bb3 45. Kd3 Be3 46. Bxe3 fxe3 47.
Kxe3 Nc5 48. Kd4 Bxa4 49. Bxa4 Nxa4 50. Kc4 Kf7 51. Nd3 Kf6 52. Kb4 b5 53. Kxb5
Nc3+ 54. Kc4 Ne2 55. Nf2 Nf4 56. Ng4+ Kg6 57. g3 Ne6 58. Kd5 Nc7+ 59. Ke5 Na6
60. Nf2 Nb4 61. Ke4 Nc6 62. Kd5 Ne7+ 63. Ke5 Nf5 64. Nd1 h5 65. Ke4 Nd6+ 66. Kd5
Nf5 67. Ke5 Ne7 68. Ne3 Nc6+ 69. Kd5 Nb4+ 70. Ke4 Na6 71. Nc4 Kf6 72. Ne3 Nc5+
73. Kd4 Nb3+ 74. Kc3 Nc5 75. Kc4 Nd7 76. Kd4 Ke6 77. Nc4 Nf6 78. Nd2 Nd7 79. Ke4
Nf6+ 80. Ke3 Ke5 81. Ne4 Nd5+ 82. Kd3 g4 83. fxg4 Nb4+ 84. Kc4 Kxe4 85. gxh5 Nd5
86. Kc5 Nf6 87. h6 Kf5 88. Kd6 1/2-1/2

[Event "24th ch-EUR Indiv 2024"]
[Site "Petrovac MNE"]
[Date "2024.11.10"]
[Round "3.55"]
[White "Petkov, Momchil"]
[Black "Zemach, Nadav"]
[Result "1/2-1/2"]
[WhiteTitle "GM"]
[BlackTitle "IM"]
[WhiteElo "2549"]
[BlackElo "2414"]
[WhiteFideId "2921642"]
[BlackFideId "2820927"]
[EventDate "2024.11.08"]

1. e4 e5 2. Nf3 Nc6 3. Bc4 Nf6 4. d3 Bc5 5. Nc3 a6 6. Ne2 O-O 7. O-O h6 8. Ng3
d6 9. c3 Ba7 10. Bb3 Re8 11. Be3 Be6 12. Bxe6 Rxe6 13. Bxa7 Rxa7 14. d4 Re8 15.
Re1 Ra8 16. Qb3 Rb8 17. Rad1 Qe7 18. h3 g6 19. Re3 b5 20. Qc2 Nh7 21. Qd2 h5 22.
h4 Rbd8 23. d5 Na5 24. b3 c5 25. dxc6 Nxc6 26. Rd3 Rd7 27. Qh6 Nd8 28. Qe3 Nb7
29. b4 Nf6 30. Ng5 Qd8 31. Qf3 Kg7 32. Nf1 Qe7 33. Ne3 Nd8 34. Qg3 Kh8 35. c4
Ne6 36. Nxe6 Qxe6 37. Qf3 bxc4 38. Nxc4 Qxc4 39. Qxf6+ Kg8 40. Rxd6 Rxd6 41.
Rxd6 Qxa2 42. Kh2 Qc4 43. Rd7 Qe6 44. Qxe6 Rxe6 45. Rb7 Rc6 46. Re7 Rc4 47. Rxe5
Rxb4 48. f3 Ra4 49. Kg3 Ra2 50. Re7 Kg7 51. e5 Re2 52. Ra7 1/2-1/2

[Event "24th ch-EUR Indiv 2024"]
[Site "Petrovac MNE"]
[Date "2024.11.10"]
[Round "3.56"]
[White "Beydullayeva, Govhar"]
[Black "Paichadze, Luka"]
[Result "0-1"]
[WhiteTitle "WGM"]
[BlackTitle "GM"]
[WhiteElo "2403"]
[BlackElo "2546"]
[WhiteFideId "13413015"]
[BlackFideId "13602934"]
[EventDate "2024.11.08"]

1. d4 Nf6 2. c4 e6 3. Nf3 Bb4+ 4. Nbd2 d5 5. Qa4+ Nc6 6. a3 Be7 7. e3 a5 8. b4
dxc4 9. b5 Na7 10. Nxc4 b6 11. Nce5 Bb7 12. Bb2 O-O 13. Rc1 Bd6 14. Be2 Ne4 15.
Nc6 Nxc6 16. bxc6 Ba6 17. Bxa6 Rxa6 18. Qc2 Nf6 19. e4 Be7 20. O-O b5 21. Rfd1
b4 22. axb4 axb4 23. d5 exd5 24. exd5 Ra5 25. Nd4 Rc5 26. Qe2 Rxc1 27. Bxc1 Re8
28. Nf3 Bc5 29. Qc4 Ne4 30. Be3 Bxe3 31. fxe3 Qe7 32. Nd4 Qh4 33. Qf1 Qg5 34.
Qf3 Qxd5 35. Nf5 Qxc6 36. Rd8 Kf8 37. Qg4 g6 38. Rd7 Qxd7 39. Qd1 0-1

[Event "24th ch-EUR Indiv 2024"]
[Site "Petrovac MNE"]
[Date "2024.11.10"]
[Round "3.57"]
[White "Gavrilescu, David"]
[Black "Prokofiev, Valentyn"]
[Result "1-0"]
[WhiteTitle "GM"]
[BlackTitle "FM"]
[WhiteElo "2545"]
[BlackElo "2411"]
[WhiteFideId "1227190"]
[BlackFideId "14160161"]
[EventDate "2024.11.08"]

1. e4 e5 2. Nf3 Nc6 3. Bc4 Bc5 4. c3 Nf6 5. d3 d6 6. b4 Bb6 7. a4 a5 8. b5 Ne7
9. Nbd2 Ng6 10. O-O O-O 11. d4 exd4 12. cxd4 d5 13. exd5 Nxd5 14. Qb3 Be6 15. g3
Re8 16. Re1 c6 17. Ba3 Rb8 18. Ne4 Bf5 19. Nd6 Rxe1+ 20. Rxe1 Be6 21. h4 h6 22.
Qd3 Nf8 23. Ne5 Qc7 24. Nf5 Bxf5 25. Qxf5 Bxd4 26. b6 Bxb6 27. Bxd5 cxd5 28. Rc1
Bxf2+ 29. Kg2 Bc5 30. Rxc5 Qe7 31. Rc8 1-0